| 000 | 00662nam a22001817a 4500 | ||
|---|---|---|---|
| 005 | 20240828150209.0 | ||
| 010 | _aENG-141503 | ||
| 020 |
_a99879354090462 _c220.00 |
||
| 035 | _aEN-125035 | ||
| 037 | _bDBAD | ||
| 082 | _a250 | ||
| 100 |
_aCarus, Paul _970687 |
||
| 245 |
_aThe Gospel of Buddha/ _cBy Paul Carus |
||
| 260 |
_aNew Delhi _bPublication Division Ministry of Information and Broadcasting Government of India |
||
| 270 |
_aPublication Division Ministry of Information and Broadcasting Government of India, Soochna Bhawan, CGO Complex, Lodhi Road _bNew Delhi _e110003 |
||
| 300 |
_a282p.: _c22cm(pb) |
||
| 942 |
_2ddc _cEN _mCAR _h250 |
||
| 999 |
_c205363 _d205363 |
||